00568nam a22001337a 4500082001300000110002300013245007200036250002100108260007100129300002100200500013900221526003700360526003700397 a624bPUN aGovt of the Punjab aPunjab Geometric design manual bFor Street, Highways & Expressways aVol-I and Vol-II aPunjab,bUrban Sector planning and management service unit,c2012. adifferent pages  aDesign criteria process and plan preparation, design geo metrics control parameters, roadway and roadside facilities, road utilities,  a0b0c0d624_000000000000000_PUN a0b0c0d624_000000000000000_PUN